000 01202 a2200205 4500
003 Nust
005 20220802101117.0
010 _a 88025944
020 _a0070654468 :
040 _cNust
082 0 0 _a620.0042,TUM
100 1 _aTuma, Jan J.
_93085
245 1 0 _aHandbook of numerical calculations in engineering :
_bdefinitions, theorems, computer models, numerical examples, tables of formulas, tables of functions /
_cJan J. Tuma.
260 _aNew York :
_bMcGraw-Hill,
_cc1989.
300 _ax, 406 p. :
_bill. ;
_c26 cm.
505 _aNumerical Calculations (Page-1), Numerical Constants (Page-9), Numerical Differences (Page-45), Numerical Integrals (Page-67), Series and Products of Constants (Page-85), Algebra and Transcendental Equations (Page-119), Matrix Equations (Page-143), Eigenvalue Equations (Page-157), Series of Functions (Page-169), Special Functions (Page-195), Orthogonal Polynomials (Page-215), Least-Squares Approximations (Page-249), Laplace transforms (Page-267), Ordinary Differential Equations (Page-283).
650 0 _aEngineering mathematics
_xHandbooks, manuals, etc.
_93086
650 0 _aNumerical calculations
_xHandbooks, manuals, etc.
_93087
942 _cREF
_2ddc
999 _c175454
_d175454